00639nam a2200193Ia 4500008004100000020001800041041000800059082001300067100003300080245005700113250000600170260002300176300001500199365001400214440000600228906006200234999001900296952013000315210423s2011 xx 000 0 und d a9788181477965 aeng a530 LANL aLANDAU (L D);LIFSHITZ (E M). aCourse of theoretical physics: V3-quantum mechanics. a3 aUKbElsevierc2011 axv,677bPB b1195cINR v3 aCourse ; mechanics. ; physics: ; theoretical ; V3-quantum c162329d162329 001040708PHYaSACPGbSACPGd2013-06-22eAthulya Booksg1195.00l0o530 LANLpPG008822r2022-08-24 00:00:00w2021-04-26yBK